Ernesto Sábato y la novela de la crisis /

Uloženo v:
Podrobná bibliografie
Hlavní autor: Rosado, Juan Antonio
Médium: Neznámo
Jazyk:Spanish
Témata:
Tagy: Přidat tag
Žádné tagy, Buďte první, kdo vytvoří štítek k tomuto záznamu!

MARC

LEADER 000000000a22000000004500
001 004084
041 0 |a spa 
082 0 4 |a 3728 
100 1 |a Rosado, Juan Antonio 
245 1 0 |a Ernesto Sábato y la novela de la crisis /   |c Juan Antonio Rosado. 
650 4 |a SABATO, ERNESTO, 1911- 
650 4 |a LITERATURA ARGENTINA 
650 4 |a NOVELA 
650 4 |a HISTORIA Y CRITICA 
773 0 |t Revista Estudios  |g número 43 (1995-1996), página 7 
942 |c ARC 
999 |c 11264  |d 11264